03145nam a2200277 a 4500003000900000005001700009008004100026040002800067041000800095100003800103245019500141246015800336260005700494300004400551502013000595520187900725530002202604650002302626653003302649653001502682653001502697700004002712700003902752700004302791856003302834EG-GiCUC20250223032936.0220817s2022 ua dh f m 000 0 eng d aEG-GiCUCbengcEG-GiCUC0 aeng0 aEnas Said Mohamed Abdalla Eltouny10aEffect Of Ultrasound On Subserosal And Intramural Fibroids: bIn Vitro / cEnas Said Mohamed Abdalla Eltouny ; Supervised Amel Mohamed Yousef , Abeer Mohamed Eldeeb , Hosameldin Hussin kamal15aخارج الجسم : bتأثير الموجات فوق الصوتية علي الاورام الليفية تحت المصلية و الجماعية  aCairo : bEnas Said Mohamed Abdalla Eltouny , c2022 a119 P . : bcharts , facsimies ; c25cm aThesis (Ph.D.) - Cairo University - Faculty of Physical Therapy - Department of Physical Therapy for Gyneycology & obstetrics aUterine fibroids are the most common benign tumors that worsen women's health during their reproductive age. However, its negative impact on the women's quality of life, there are few conservative therapeutic options to control it. This study was conducted to investigate the effect of ultrasound waves subserosal and intramural. 46 leiomyomas were divided into 30 leiomyomas as experimental group and 16 leiomyomas as a control groups, each group was subdivided into another 3 groups (A1), (B2), and (C3), received ultrasound (continuous,1 MHZ, 2Watt/cm2) for 15, 30, and 45 minutes respectively in experimental group, while they were not exposed to ultrasound in control group. All sizes of leiomyomas were measured using the fluid displacement method before and after 15, 30, 45 minutes in both groups. The sizes of uterine leiomyomas showed a significant decrease (P-value=0.0001) in all groups (A), (B) & (C) of experimental group after the application of ultrasound, also it showed a significant decrease (P-value=0.049), (P-value=0.034) (Pvalue= 0.011) in group (A), (B) & (C) of experimental group respectively after the application of ultrasound when it compared with control group beyond 15, 30, 45 minutes after the leiomyomas excision. While, the sizes of leiomyomas showed a non-significant difference in-between groups (A), (B) & (C) after the application of ultrasound in experimental group (P=0.99) and beyond 15, 30, 45 minutes after the excision in control group (P=1.00). Histopathological evaluation depending on hematoxylin and eosin (H&E) stains and (Caspase-3) stain were performed after ultrasound application for experimental group and for only 6 leiomyomas selected randomly from control group. In hematoxylin and eosin (H&E) stains after the application of ultrasound, apoptosis was observed in 100% of leiomyoma samples in group (A), (B), and (C) aIssued also as CD 0aUltrasound clinics ahistopathological evaluation aIntramural aSubserosal0 aAbeer Mohamed Eldeeb , eSupervisor0 aAmel Mohamed Yousef , eSupervisor0 aHosameldin Hussin kamal , eSupervisor uhttp://172.23.153.220/th.pdf